000 00547nam a2200121Ia 4500
008 220620s9999||||xx |||||||||||||| ||und||
245 0 _aDeveloping a Sense of Place
_bThe Role of the Arts in Regenerating Communities
546 _aEnglish[eng]
650 _aarts||communities||urban planning||policy making||urban regeneration||higher education||cultural planning||arts strategy||architectural design
700 _aAshley, Tamara||Weedon, Alexis
856 _uhttps://library.oapen.org/bitstream/20.500.12657/51787/1/9781787357655.pdf
942 _cEB
999 _c32659
_d32659